|
|
|
|
| LEADER |
01226nam a2200277 u 4500 |
| 001 |
10066411 |
| 003 |
upatras |
| 005 |
20210117201355.0 |
| 008 |
080519s2004 cc eng |
| 020 |
|
|
|a 9628604074
|
| 040 |
|
|
|a ΠΑΝΕΠΙΣΤΗΜΙΟ ΠΑΤΡΑΣ
|c ΠΑΝΕΠΙΣΤΗΜΙΟ ΠΑΤΡΑΣ
|
| 041 |
0 |
|
|a eng
|a chi
|
| 082 |
0 |
4 |
|a 724.6
|
| 245 |
1 |
0 |
|a Fast forward, hot spot, brain cells
|b Architecture Biennial Beijing 2004 [ABB2004- A2]
|c ; editors: Neil Leach
|
| 260 |
|
|
|a Hong Kong
|b Map Book Publishers
|c 2004
|
| 300 |
|
|
|a 168 p.
|b ill.
|c 26 cm.
|
| 650 |
|
4 |
|a Αρχιτεκτονική, Σύγχρονη
|9 2959
|
| 650 |
|
4 |
|a Αρχιτεκτονική
|y 21ος αι.
|9 34594
|
| 650 |
|
4 |
|a Αρχιτεκτονική
|x Εκθέσεις
|9 6968
|
| 650 |
|
4 |
|a Αρχιτεκτονική και τεχνολογία
|9 6702
|
| 700 |
1 |
|
|a Leach, Neil
|4 edt
|9 25954
|
| 852 |
|
|
|a GR-PaULI
|b ΠΑΤΡΑ
|b ΑΡΧΙΤΕΚΤΟΝΙΚΗ
|k ΑΣΧΞ-2
|h 724.6 LEA
|m 005605
|p 025000157281
|t 1
|
| 942 |
|
|
|2 ddc
|c BK15
|
| 952 |
|
|
|0 0
|1 0
|4 0
|6 724_600000000000000_LEA
|7 0
|9 66413
|a ARCH
|b ARCH
|d 2016-04-24
|i 005605
|l 1
|o 724.6 LEA
|p 025000157281
|r 2023-03-07 00:00:00
|s 2023-02-28
|t 1
|w 2016-04-24
|y BK15
|
| 998 |
|
|
|c Λοτσάρη
|d 2008-05
|
| 999 |
|
|
|c 42705
|d 42705
|